000 00478nam a2200181 4500
003 SEACOMMC
005 20250506153802.0
008 250311b |||||||| |||| 00| 0 eng d
020 _a978-81-8371-174-6
_cRs.300.00
040 _aSEACOMMC
082 _a 005.43
_bR 165
100 _aRamasatish, A.
245 1 _aUNIX Programming /
_cA.Ramasatish
250 _aReprint ed.
260 _a Hyderabad
_bScitech Publications
_c c2009
650 _a Computer Science
942 _cBOOK
999 _c1130
_d1130